Anuario de la cooperación descentralizada / Observatorio de Cooperación Descentralizada Unión Europea - América Latina
Descripción Física:
296 p. : il. col. ; 22 cm
MARC
| LEADER | 00000nam a2200000Ia 4500 | ||
|---|---|---|---|
| 001 | 21471 | ||
| 008 | 160829s9999 xx 000 0 cat d | ||
| 080 | |a M-6-197 | ||
| 110 | |a Observatorio de Cooperación Descentralizada |9 70654 | ||
| 245 | |a Anuario de la cooperación descentralizada / Observatorio de Cooperación Descentralizada Unión Europea - América Latina | ||
| 260 | |a [Montevideo] : |b el Observatorio, [2008] | ||
| 300 | |a 296 p. : |b il. col. ; |c 22 cm | ||
| 590 | |a Bibliografia. | ||
| 590 | |a A la coberta: año 2007. | ||
| 590 | |a Col·labora la Diputació de Barcelona | ||
| 650 | |a Cooperativisme |x Unió Europea, Països de la |9 42444 | ||
| 650 | |a Descentralització administrativa |x Unió Europea, Països de la |9 42445 | ||
| 650 | |a Relacions internacionals |9 31027 | ||
| 901 | |a Arxiu | ||
| 942 | |n 1 | ||
| 952 | |0 0 |1 0 |4 0 |6 M6197 |7 1 |9 52240 |a Arxiu |b Arxiu |d 2016-12-01 |l 0 |o M-6-197 |p 21471 |r 2016-12-01 00:00:00 |w 2016-12-01 |y ARXIU | ||
| 999 | |c 56088 |d 56088 | ||